| 000 | 00527nam a22001937a 4500 | ||
|---|---|---|---|
| 005 | 20251108171908.0 | ||
| 008 | 250721s2001 xx 000 0 ara d | ||
| 082 | 1 | 4 | _a616.5/عنا |
| 100 | 1 | _aالعنابي، جلال | |
| 245 | 1 | 0 | _aجلد بلا متاعب وشعر أكثر جمالا / |
| 264 | 1 |
_aالقاهره : _bدار الهلال، _c2001. |
|
| 300 | _a160ص | ||
| 650 | 1 | 7 | _aالأمراض |
| 650 | 1 | 7 | _aالجلد |
| 650 | 1 | 7 | _aالشعر |
| 650 | 1 | 7 | _aالعلاج |
| 942 |
_2ddc _cBK |
||
| 999 |
_c65387 _d65387 |
||